[Event "BCF-ch U12 rapid"]
[Site "Hull"]
[Date "2024.07.27"]
[Round "9"]
[White "Mittal, Siddharth"]
[Black "Raychaudhuri, Aaditya"]
[Result "1-0"]
[WhiteElo "808"]
[BlackElo "794"]
[PlyCount "51"]
[EventDate "2024.07.26"]
[EventType "swiss (rapid)"]
[EventRounds "9"]
[EventCountry "ENG"]
[SourceTitle "CBM 221 Extra"]
[Source "ChessBase"]
[SourceDate "2024.09.30"]
[SourceVersion "1"]
[SourceVersionDate "2024.09.30"]
[SourceQuality "1"]

1. e4 e5 2. Nf3 Nf6 3. Nc3 Nc6 4. d3 d6 5. Bg5 Bg4 6. h3 h6 7. Be3 Bxf3 8. Qxf3 Nd4 9. Bxd4 exd4 10. Nd5 Nxd5 11. exd5 c6 12. dxc6 bxc6 13. Qxc6+ Qd7 14. Qxa8+ Qd8 15. Qxa7 Qe7+ 16. Qxe7+ Kxe7 17. 0-0-0 f5 18. a4 Kd7 19. g3 Kc7 20. b4 Kb6 21. b5 Ka5 22. Kd2 Kxa4 23. b6 Ka5 24. b7 Kb6 25. b8Q+ Ka6 26. Ra1# 1-0

[Event "BCF-ch U12 rapid"]
[Site "Hull"]
[Date "2024.07.26"]
[Round "1"]
[White "Raychaudhuri, Aaditya"]
[Black "Beattie, Kai"]
[Result "0-1"]
[WhiteElo "794"]
[BlackElo "1619"]
[PlyCount "38"]
[EventDate "2024.07.26"]
[EventType "swiss (rapid)"]
[EventRounds "9"]
[EventCountry "ENG"]
[SourceTitle "CBM 221 Extra"]
[Source "ChessBase"]
[SourceDate "2024.09.30"]
[SourceVersion "1"]
[SourceVersionDate "2024.09.30"]
[SourceQuality "1"]

1. e4 d6 2. d4 e5 3. Bc4 Nd7 4. Nf3 h6 5. 0-0 Ngf6 6. dxe5 dxe5 7. Nh4 Nxe4 8. Qf3 Nd6 9. Nf5 Nxc4 10. Nc3 Nd6 11. Nxd6+ Bxd6 12. g4 0-0 13. g5 hxg5 14. Ne4 Be7 15. Bxg5 Bxg5 16. Nxg5 Qxg5+ 17. Qg2 Qxg2+ 18. Kxg2 b6 19. h4 Bb7+ 0-1

[Event "BCF-ch U12 rapid"]
[Site "Hull"]
[Date "2024.07.26"]
[Round "5"]
[White "Raychaudhuri, Aaditya"]
[Black "Copland, Freddie"]
[Result "0-1"]
[WhiteElo "794"]
[BlackElo "796"]
[PlyCount "55"]
[EventDate "2024.07.26"]
[EventType "swiss (rapid)"]
[EventRounds "9"]
[EventCountry "ENG"]
[SourceTitle "CBM 221 Extra"]
[Source "ChessBase"]
[SourceDate "2024.09.30"]
[SourceVersion "1"]
[SourceVersionDate "2024.09.30"]
[SourceQuality "1"]

1. e4 e5 2. Bc4 Nf6 3. Nf3 Nc6 4. Nc3 Bc5 5. 0-0 d6 6. d3 Bg4 7. h3 Bxf3 8. gxf3 0-0 9. Nd5 Nxd5 10. exd5 Na5 11. h4 Qxh4 12. d4 Bxd4 13. Be3 Bxe3 14. fxe3 Nxc4 15. Qe1 Qxe1 16. Rfxe1 Nxb2 17. Rab1 Nc4 18. Rxb7 c5 19. dxc6 Rac8 20. Rxa7 Rxc6 21. f4 exf4 22. exf4 h5 23. Ree7 Nd2 24. f5 Nf3+ 25. Kg2 Ne1+ 26. Kh2 Rxc2+ 27. Kg1 Nf3+ 28. Kf1 0-1

[Event "BCF-ch U12 rapid"]
[Site "Hull"]
[Date "2024.07.26"]
[Round "3"]
[White "Shan, Raphael"]
[Black "Raychaudhuri, Aaditya"]
[Result "1-0"]
[WhiteElo "1190"]
[BlackElo "794"]
[PlyCount "87"]
[EventDate "2024.07.26"]
[EventType "swiss (rapid)"]
[EventRounds "9"]
[EventCountry "ENG"]
[SourceTitle "CBM 221 Extra"]
[Source "ChessBase"]
[SourceDate "2024.09.30"]
[SourceVersion "1"]
[SourceVersionDate "2024.09.30"]
[SourceQuality "1"]

1. c4 e5 2. Nc3 Nc6 3. g3 Nf6 4. Bg2 d5 5. cxd5 Bf5 6. dxc6 bxc6 7. Nf3 Bc5 8. 0-0 0-0 9. Nxe5 h5 10. Nf3 Ng4 11. h3 Bxf2+ 12. Rxf2 Nxf2 13. Kxf2 Qd7 14. h4 Qe6 15. e4 Bxe4 16. Qe2 Rae8 17. Nxe4 f5 18. d3 fxe4 19. Qxe4 Qxe4 20. dxe4 Rxe4 21. Bf4 Rfe8 22. Re1 Rxe1 23. Nxe1 a5 24. Bxc7 Rc8 25. Bxa5 c5 26. a4 c4 27. Bc3 g5 28. hxg5 h4 29. gxh4 Rc5 30. a5 Rf5+ 31. Kg3 Rf8 32. a6 Ra8 33. Bxa8 Kf7 34. a7 Ke6 35. Bd5+ Kxd5 36. a8Q+ Kc5 37. Qa4 Kd5 38. g6 Kc5 39. g7 Kd5 40. g8Q+ Kc5 41. Qg5+ Kd6 42. Qa6+ Kc7 43. Qe7+ Kb8 44. Qab7# 1-0